| 000 | 01384cam a2200361 i 4500 | ||
|---|---|---|---|
| 001 | 26527 | ||
| 003 | Mx-PuUPA | ||
| 005 | 20250319141910.0 | ||
| 008 | 140415s2022 mx ao gr 001 0aspa d | ||
| 020 | _a9786073811057 | ||
| 040 |
_cMx-PuUPA _aMx-PuUPA _bspa _dMx-PuUPA _erda |
||
| 041 | 0 | _aspa | |
| 043 | _an-mx--- | ||
| 100 | 1 |
_aRocha y Navarrete, Arnoldo de la, _99125 _eautor |
|
| 245 | 1 | 0 |
_aSueño mexicano : _buna historia que contar / _cArnoldo de la Rocha y Navarrete |
| 250 |
_aPrimera edición / _bfebrero |
||
| 260 |
_a _b _c |
||
| 264 | 1 |
_aCiudad de México : _bPenguin Random House Grupo Editorial, _c2022 |
|
| 300 |
_a205 páginas, 4 páginas de fotografías sin numerar : _bilustraciones, fotografías ; _c23 cm |
||
| 336 |
_2rdacontent _atexto _btxt |
||
| 337 |
_2rdamedia _asin medio _bn |
||
| 338 |
_2rdacarrier _avolumen _bnc |
||
| 490 | 0 | _aConecta México | |
| 500 | _a"Arnoldo de la Rocha y Navarrete, socio fundador de Pollo Feliz". -- Cubierta | ||
| 600 | 1 | 0 |
_aRocha y Navarrete, Arnoldo de la, _99125 _d1957- |
| 650 | 7 |
_aAutobiografías _x _2armarc |
|
| 650 | 7 |
_2armarc _aEmpresarios _xBiografía _zMéxico |
|
| 650 | 7 |
_aGente de negocios _xBiografía _zMéxico _2armarc |
|
| 942 |
_2ddc _cLI _h338.04092 _iR66 |
||
| 999 |
_c26527 _d26527 |
||